Paesi che finiscono in D - Statistics

Statistiche generali
  • Questo quiz è stato fatto 370 volte
  • Il punteggio medio è 2 su 5
Statistiche sulle risposte
Paese che finisce in D % Corretto
Ciad
83%
Corea del Sud
37%
Swaziland
34%
Corea del Nord
32%
Sudan del Sud
16%
Nessun quiz corrispondente trovato
Distribuzione punteggi
Percentuale di utenti per punteggio
Percentile per numero di risposta
I tuoi punteggi nel tempo
Non hai fatto questo quiz